Honda par Honda

Сохранить в:
Библиографические подробности
Главный автор: Honda, Soichiro
Формат:
Язык:Undetermined
Опубликовано: [Paris] Stock 1979
Предметы:
Метки: Добавить метку
Нет меток, Требуется 1-ая метка записи!
Thư viện lưu trữ: Trung tâm Học liệu Trường Đại học Cần Thơ
LEADER 00499nam a2200193Ia 4500
001 CTU_95031
008 210402s9999 xx 000 0 und d
082 |a 338.8 
082 |b S683 
100 |a Honda, Soichiro 
245 0 |a Honda par Honda 
245 0 |c Soichiro Honda, Thierry de Beaucé, Christian Polak 
260 |a [Paris] 
260 |b Stock 
260 |c 1979 
650 |a Corporations 
650 |x Japan 
904 |i Ngoc 
980 |a Trung tâm Học liệu Trường Đại học Cần Thơ